|
|
|
|
| LEADER |
01045nam a22002892a 4500 |
| 001 |
001302202 |
| 003 |
CZ BrMZK |
| 005 |
20130620113603.0 |
| 007 |
ta |
| 008 |
130613s1972 xr er|||||||||||cze d |
| 015 |
|
|
|a cnb000436808
|
| 035 |
|
|
|a (OCoLC)42148284
|
| 040 |
|
|
|a ABA001
|b cze
|c PNA001
|d ABA001
|d BOA001
|
| 080 |
|
|
|a 368.4:331.881(437)(041)
|
| 100 |
1 |
|
|a Soukup, Jaroslav
|7 jk01120541
|4 aut
|
| 245 |
1 |
0 |
|a Jak pracuje komise národního pojištění základní organizace ROH /
|c Jaroslav Soukup ... [et al.]
|
| 250 |
|
|
|a 1. vyd.
|
| 260 |
|
|
|a Praha :
|b Práce,
|c 1972
|
| 300 |
|
|
|a 63 s. ;
|c 8°
|
| 500 |
|
|
|a 45000 výt.
|
| 504 |
|
|
|a Obsahuje bibliografii
|
| 550 |
|
|
|a Vydavatel: Oddělení propagandy a výchovy Ústřední rady ROH
|
| 710 |
2 |
|
|a Revoluční odborové hnutí.
|b Ústřední rada odborů.
|b Oddělení propagandy a výchovy
|7 kn20050526004
|
| 910 |
|
|
|a BOA001
|b 2-0679.127
|
| 990 |
|
|
|a BK
|
| 991 |
|
|
|b 201306
|
| 996 |
7 |
|
|b 2619686627
|c 2-0679.127
|l Sklad H1
|r Sklad / do 24 hodin
|n 1
|h HS212
|w 001336983
|u 000010
|a 1
|e BOA001
|j MZK50
|s A
|